[Event "Villa Roja de Artemisa tt"]
[Site "Artemisa"]
[Date "2018.06.24"]
[Round "9.1"]
[White "Medina Reyes, Ronald"]
[Black "Vargas Castanedo, Yoanky"]
[Result "1-0"]
[WhiteElo "1963"]
[BlackElo "1937"]
[PlyCount "99"]
[EventDate "2018.06.20"]
[EventType "team-tourn"]
[EventRounds "9"]
[EventCountry "CUB"]
[SourceTitle "EXT 2021"]
[Source "ChessBase"]
[SourceDate "2020.10.23"]
[SourceVersion "1"]
[SourceVersionDate "2020.10.23"]
[SourceQuality "1"]

1. e4 c5 2. Nf3 d6 3. d4 cxd4 4. Qxd4 e5 5. Bb5+ Nc6 6. Bxc6+ bxc6 7. Qd3 Be7 8. c4 Nf6 9. Nc3 0-0 10. Bg5 h6 11. Bxf6 Bxf6 12. Rd1 Be7 13. 0-0 Qc7 14. b3 f5 15. Nd2 f4 16. c5 dxc5 17. Qc4+ Kh8 18. Na4 f3 19. Nxf3 Rxf3 20. gxf3 Bh3 21. Rfe1 Bh4 22. Nc3 Rd8 23. Ne2 Rd4 24. Rxd4 cxd4 25. Ng3 Bg5 26. b4 Bf4 27. a4 Qe7 28. Kh1 Be6 29. Qxc6 Qxb4 30. Rg1 Qb3 31. Kg2 d3 32. Nh5 d2 33. Qd6 Bg8 34. Qe7 Qf7 35. Qxf7 Bxf7 36. Nxf4 exf4 37. Rd1 Bb3 38. Rxd2 Bxa4 39. Ra2 Bb3 40. Rxa7 Kg8 41. h4 h5 42. Kf1 g6 43. Ke2 Kf8 44. e5 Bd5 45. Ra4 Ke7 46. Rxf4 Ke6 47. Rf6+ Kxe5 48. Rxg6 Kf4 49. Rf6+ Ke5 50. Rf8 1-0